000 00981nam a22002537a 4500
999 _c1095
_d1095
003 AR-CdUCM
008 190226b ||||| |||| 00| 0 spa d
020 _a84-7232-308-0
040 _aMUNICIPALIDAD PROVINCIAL DEL CUSCO
_cBIBLIOTECA MUNICIPAL DEL CUSCO
082 _a946 /
_bZ92
100 _aDe Zuleta, Emilia
_94265
110 _aInstituto de Cooperación Iberoamericana
_94266
245 _aRelaciones Literarias entre España y la Argentina /
260 _aEspaña :
_bEdiciones Cultura Hispánica ;
_c1983.
300 _a278 páginas
_c21cm
505 _aLas grandes personalidades españolas -- Las letras españolas en nosotros -- La literatura argentina vista por los españoles -- Los españoles residentes en Buenos Aires -- Los poetas
650 _aliteratura
_9212
650 _apersonalidades importantes
_94267
650 _apoesía
_94268
650 _aensayistas
_94269
650 _anarrativa
_967
942 _2ddc
_cLIBROS
945 _anom
_d2019-02-26